000 00528nam a2200193 a 4500
001 1768117516380
003 YourLibrary
005 20260112125816.0
008 260111s2007##################000#0#eng##
020 _a9780820488646
082 0 4 _a302.23083
_bMAZ
100 1 _aMazzarella, Sharon R.,
_eauthor.
245 1 0 _a20 Questions about Youth & the Media :
260 _bPeter Lang Pub Incorporated,
_c2007.
300 _a316 pages
650 0 _aEducation.
942 _cENGLISH
040 _aYourLibrary
_beng
_cYourLibrary
999 _c608326
_d608326